Cargando...

دراسات في الأدب الجاهلي

Detalles Bibliográficos
Autor Principal: محمد الديب
Formato: Printed Book
Idioma:Arabic
Publicado: مكتبة النهضة المصرية 1998
LEADER 00448nam a22001217a 4500
008 160609b xxu||||| |||| 00| 0 ara d
082 |a 810.091 
100 |a محمد الديب 
245 |a دراسات في الأدب الجاهلي 
260 |a مكتبة النهضة المصرية  |c 1998 
942 |c BK 
999 |c 176106  |d 176106 
952 |0 0  |1 0  |4 0  |6 810_091000000000000  |7 0  |9 195138  |a ARA  |b ARA  |c ST1  |d 2016-06-09  |i 7638  |l 0  |o 810.091  |p ARA7638  |r 2018-07-21  |w 2016-06-09  |y BK